000 00621nam a22001217a 4500
999 _c3045
_d3045
008 200203b ||||| |||| 00| 0 eng d
100 _aKarasek, Jan
245 _aPadelky Ceskoslovenskych Postovnich Znamek 1918 - 1939
260 _aPrague
_bNakladatelstvi Dopravy a Spoju ; POFIS
_c1963
650 _aCzechoslovakia (1918-1992) | 1918-1939 | Forgeries and Counterfeits | Postal Markings -- Bogus and Forged | Covers -- Bogus and Fraudulent | Collecting -- Identification | Experts | Production | Errors and Varieties | Postal Issues | Overprints and Surcharges
700 _aKvasnicka, Zdenek
700 _aPaulicek, Bretislav